000 03218nam a2200289Ia 4500
003 OSt
005 20210906165851.0
008 210310s2014 ck fr 000 0dspa d
020 _a9789588726205
040 _aCO-JMCR
_cCO-JMCR
041 0 _aspa
082 0 4 _a338.99861 /
_bS246d
_223
100 1 _aSarmiento Palacio, Eduardo,
_917440
_eautor
245 1 0 _aDistribución del ingreso con crecimiento es posible /
_cEduardo Sarmiento Palacio
250 _aPrimera edición
260 _aBogotá :
_bEscuela Colombiana de Ingeniería Julio Garavito,
_c2014
300 _a606 páginas :
_bIlustraciones y gráficas a blanco y negro ;
_c23 cm.
490 0 _aEconomía
500 _aIncluye notas a pie de página y datos biográficos del autor.
504 _aBibliografía. páginas 599-606
505 0 _aEstabilidad -- Crecimiento -- Crecimiento y estabilidad -- Pobreza y equidad -- Obstáculos a la equidad -- Nuevas visiones teóricas -- Proposiciones y reformas centrales
520 3 _aLas causas de la distribución del ingreso y su relación con el crecimiento económico las ha ocultado el idealismo de las teorías clásicas y neoclásicas, fundamentadas en supuestos de equilibrio que las apartan de la realidad y llevan a soluciones perfectas. Según la teoría de crecimiento construida por los economistas más reconocidos del siglo XX, en condiciones de funcionamiento perfecto del mercado la competencia lleva a la solución de máximo consumo y producción, y no afecta la distribución del ingreso. Es decir, las economías que avanzan por debajo de su potencial y con ampliación de las desigualdades serían la excepción. En esta obra, Eduardo Sarmiento asegura que la realidad es muy distinta. La discrepancia se origina en las teorías de ahorro que suponen que éste es altamente sensible a la tasa de interés y se iguala con la inversión, en las teorías de comercio internacional que establecen que los países se especializan en las actividades de ventaja comparativa y en las teorías sectoriales que indican que todos los sectores contribuyen igual en el margen. La solución consistió en deprimir los salarios por debajo de la productividad para subir las utilidades empresariales y aumentar el ahorro. El crecimiento económico se elevó, a cambio de reducir la participación del trabajo en el PIB y desmejorar la distribución del ingreso. Parte de la tarea proviene del libre comercio, que presiona el salario por debajo de la productividad. El resto de la represión corre por cuenta de los ajustes del salario mínimo, las prácticas monopólicas que ponen los precios por encima de los costos marginales, las burbujas financieras y los mayores gravámenes al trabajo que al capital. La solución de fondo a la distribución del ingreso sólo se logra con una estrategia conjunta, que opere sobre las causales en forma simultánea. El expediente, que se construye a lo largo de la obra, configura el hilo conductor para que la distribución del ingreso con crecimiento sea posible.
650 1 4 _aDistribución del ingreso
_917442
_zColombia
650 2 4 _aDesarrollo económico
_zColombia
_96913
650 2 4 _aEstabilidad económica
_zColombia
_940053
942 _2ddc
_cBK
999 _c8496
_d8496